00326nam a2200133Ia 4500008004100000020001500041041001200056082001600068100001600084245005100100260002500151300000800176650000800184221030s9999 xx 000 0 und d a0074601059 aEnglish a105.23bDha aA. M. Dhake 0aTelevision & Video Engineeringcby A. M. Dhake bTMHaNew Delhic2002 a646 aECE